Dạy học khoa học ở tiểu học theo hướng tìm tòi thực nghiệm

Đã lưu trong:
书目详细资料
主要作者: Đặng, Thành Hưng
格式: 图书
语言:Undetermined
主题:
在线阅读:http://lrc.tdmu.edu.vn/opac/search/detail.asp?aID=2&ID=30164
标签: 添加标签
没有标签, 成为第一个标记此记录!
Thư viện lưu trữ: Trung tâm Học liệu Trường Đại học Thủ Dầu Một
LEADER 00690nam a2200145Ia 4500
001 TDMU_30164
008 210410s9999 xx 000 0 und d
082 |a 338.473060952 
100 |a Đặng, Thành Hưng 
245 0 |a Dạy học khoa học ở tiểu học theo hướng tìm tòi thực nghiệm 
245 0 |c Đặng Thành Hưng 
300 |a Tr.42-45 
650 |a Giáo dục tiểu học  |x Phương pháp giảng dạy; Dạy và học  |x Tiểu học; Dạy học; Khoa học; Tiểu học; Thực nghiệm 
856 |u http://lrc.tdmu.edu.vn/opac/search/detail.asp?aID=2&ID=30164 
980 |a Trung tâm Học liệu Trường Đại học Thủ Dầu Một